000
002580000a22000970004500
100
1
_a
Balbekin, Alexander
245
1
0
_a
El fondo de rampa : Promoción de la cultura en Kirgistán
300
_a
Núm 58 (2004), Páginas 12
773
0
_t
Paso a paso
942
_c
ANA
999
_c
52700
_d
52700